000 00686nam a22002297a 4500
003 OSt
005 20220107122721.0
008 130822b xxu||||| |||| 00| 0 eng d
020 _a9780123750778
040 _cIIITM-K
082 0 0 _a621.384 ZHE/W
245 0 0 _aWireless networking complete
_cPei Zheng ... [et al.].
260 _aBurlington,
_bElsevier,
_c2010.
300 _axx, 445p.
490 1 _aThe Morgan Kaufmann series in networking
650 0 _aCOMPUTER SCIENCE
_92068
650 0 _aWIRELESS COMMUNICATION NETWORKS
_92069
650 0 _aCOMPUTER NETWORKS
_92070
700 1 _aZheng, Pei,
_92071
830 0 _aMorgan Kaufmann series in networking.
_92072
942 _2ddc
_cBK
999 _c3283
_d3283